000
00293nam a2200109Ia 4500
008
230302s9999 xx 000 0 und d
082
_a
004.365BUY
100
_a
BUYYA (RAJKUMAR) VECCHIOLA (CHRISTIAN)
245
_a
MASTERING IN CLOUD COMPUTING
260
_a
NEW DELHI
_b
M.G.H
365
_c
RS
999
_c
157824
_d
157824